00394cam a22001452a 4500001000900000003001100009008004300020100002000063245006500083260002000148260001500168260000900183650003300192650002300225 000040 AR-FADEU 311216n1993####xxu####################dd aNaciones Unidas aAño internacional de las Poblaciones Indígenas del Mundo bNaciones Unidas aNueva York c1993 aDERECHOS HUMANOS-INDÍGENAS aDERECHOS INDIGENAS